Материаловедение. Словарь терминов и определений на русском, английском и китайском языках: учебное пособие
| প্রধান লেখক: | |
|---|---|
| সংস্থা লেখক: | |
| অন্যান্য লেখক: | , |
| সংক্ষিপ্ত: | Терминологический словарь содержит около 200 словарных статей по терминам, определениям, символическим определениям, используемым в материаловедении, с пояснениями на русском, английском и китайском языках. Предназначено для студентов машиностроительного профиля, изучающих дисциплину "Материаловедение". Также может быть полезно специалистам и преподавателям, участвующим в подготовке иностранных студентов. |
| ভাষা: | রুশ ইংরেজি চীনা |
| প্রকাশিত: |
Томск, Изд-во ТПУ, 2016
|
| বিষয়গুলি: | |
| বিন্যাস: | গ্রন্থ |
| KOHA link: | https://koha.lib.tpu.ru/cgi-bin/koha/opac-detail.pl?biblionumber=327240 |
MARC
| LEADER | 00000nam0a2200000 4500 | ||
|---|---|---|---|
| 001 | 327240 | ||
| 005 | 20240110142927.0 | ||
| 010 | |a 9785438706793 | ||
| 035 | |a (RuTPU)RU\TPU\book\352900 | ||
| 090 | |a 327240 | ||
| 100 | |a 20170126d2016 m y0rusy50 ca | ||
| 101 | 0 | |a rus |a eng |a chi | |
| 102 | |a RU | ||
| 105 | |a y ej 000zy | ||
| 200 | 1 | |a Материаловедение. Словарь терминов и определений на русском, английском и китайском языках |e учебное пособие |f А. Г. Мельников, Ху Вэньсяо, Лю Битао |g Национальный исследовательский Томский политехнический университет (ТПУ) | |
| 210 | |a Томск |c Изд-во ТПУ |d 2016 | ||
| 215 | |a 62 с. | ||
| 330 | |a Терминологический словарь содержит около 200 словарных статей по терминам, определениям, символическим определениям, используемым в материаловедении, с пояснениями на русском, английском и китайском языках. Предназначено для студентов машиностроительного профиля, изучающих дисциплину "Материаловедение". Также может быть полезно специалистам и преподавателям, участвующим в подготовке иностранных студентов. | ||
| 452 | 1 | |0 (RuTPU)RU\TPU\book\347960 |t Материаловедение. Словарь терминов и определений на русском, английском и китайском языках |o учебное пособие |f А. Г. Мельников, Ху Вэньсяо, Лю Битао |g Национальный исследовательский Томский политехнический университет (ТПУ) |c Томск |n Изд-во ТПУ |d 2016 |a Мельников, Александр Григорьевич | |
| 606 | 1 | |a Материаловедение |2 stltpush |3 (RuTPU)RU\TPU\subj\41248 |9 61053 | |
| 606 | 1 | |a Многоязычные словари |2 stltpush |3 (RuTPU)RU\TPU\subj\44177 |9 63548 | |
| 610 | 1 | |a английский язык | |
| 610 | 1 | |a китайский язык | |
| 610 | 1 | |a русский язык | |
| 610 | 1 | |a термины | |
| 610 | 1 | |a понятия | |
| 610 | 1 | |a параллельные словари | |
| 610 | 1 | |a металлы | |
| 610 | 1 | |a терминологические словари | |
| 610 | 1 | |a русско-английские словари | |
| 610 | 1 | |a русско-китайские словари | |
| 610 | 1 | |a металловедение | |
| 610 | 1 | |a термическая обработка | |
| 610 | 1 | |a словари | |
| 610 | 1 | |a учебные пособия | |
| 610 | 1 | |a труды учёных ТПУ | |
| 675 | |a 620.22(038) |v 4 | ||
| 686 | |a Ш12-4 |2 rubbk | ||
| 700 | 1 | |a Мельников |b А. Г. |c специалист в области материаловедения |c доцент Томского политехнического университета, кандидат технических наук |f 1954- |g Александр Григорьевич |3 (RuTPU)RU\TPU\pers\26546 |9 12235 | |
| 701 | 0 | |a Ху Вэньсяо | |
| 701 | 0 | |a Лю Битао | |
| 712 | 0 | 2 | |a Национальный исследовательский Томский политехнический университет (ТПУ) |c (2009- ) |3 (RuTPU)RU\TPU\col\15902 |
| 801 | 1 | |a RU |b 63413507 |c 20170126 | |
| 801 | 2 | |a RU |b 63413507 |c 20170217 |g RCR | |
| 942 | |c BK | ||